Dios Preso. Teología y Pastoral Penitenciaria
Kaydedildi:
| Yazar: | |
|---|---|
| Materyal Türü: | Bilinmiyor |
| Dil: | İngilizce |
| Baskı/Yayın Bilgisi: |
Salamanca, España:
Secretariado Trinitario,
2005
|
| Konular: | |
| Etiketler: |
Etiketle
Etiket eklenmemiş, İlk siz ekleyin!
|
MARC
| LEADER | 00000 a2200000 4500 | ||
|---|---|---|---|
| 003 | CL-VaPUC | ||
| 005 | 20220420084706.0 | ||
| 008 | 201123b ||||| |||| 00| 0 eng d | ||
| 999 | |c 431956 |d 431954 | ||
| 020 | |a 9788496488076 | ||
| 040 | |c Pontificia Universidad Católica de Valparaíso | ||
| 082 | |a 259.5 PIK 2005 | ||
| 100 | |a Pikaza Ibarrondo, Xabier |e autor |9 314399 | ||
| 245 | |a Dios Preso. |b Teología y Pastoral Penitenciaria | ||
| 260 | |a Salamanca, España: |b Secretariado Trinitario, |c 2005 | ||
| 300 | |a 428 páginas | ||
| 583 | |k Cristina Rojas |c 20201123 | ||
| 650 | |a Teología |x Penitenciaria |9 858350 | ||
| 650 | |a Pastoral |x Penitenciaria |9 858351 | ||
| 852 | |a BIBCUR | ||
| 942 | |2 ddc |c BK | ||
| 952 | |0 0 |1 0 |2 ddc |4 0 |6 259_500000000000000_PIK_2005 |7 0 |8 A |9 576885 |a BIBTEO |b BIBTEO |d 2020-11-12 |e 3 |g 21061.00 |i 5577322 |o 259.5 PIK 2005 |p 5577322 |r 2025-01-17 |t 1 |v 21061.00 |w 2020-11-12 |y BK |k ICR | ||